All Rich the Kid Songs - Statistics

General Stats
  • This quiz has been taken 21 times
    11 since last reset
  • The average score is 74 of 274
Answer Stats
Album Song % Correct
Dabbin Fever | Trap Talk Plug
88%
The World Is Yours Plug Walk
88%
The World Is Yours Dead Friends
63%
The World Is Yours End of Discussion
63%
The World Is Yours Lost It
63%
BOSS MAN Money Talk
63%
The World Is Yours New Freezer
63%
The World Is Yours No Question
63%
Trust Fund Babies Still
63%
The World Is Yours 2 Two Cups
63%
The World Is Yours 2 4 Phones
50%
Rich Forever 3 Did It Again (Remix)
50%
The World Is Yours Early Morning Trappin
50%
BOSS MAN Easy
50%
The World Is Yours Gargoyle
50%
The World Is Yours Leave Me
50%
Streets On Lock 3 | The World Is Yours Made It
50%
Rich Forever 3 No Noise
50%
The World Is Yours 2 Racks Out
50%
BOSS MAN Ray Charles
50%
BOSS MAN Red
50%
Rich Forever 2 Rich Forever
50%
Rich Forever 3 Rich Forever Way (Outro)
50%
The World Is Yours 2 Rockets
50%
Trust Fund Babies Shh
50%
The World Is Yours Small Things
50%
The World Is Yours 2 Splashin
50%
BOSS MAN Stuck Together
50%
The World Is Yours 2 Tic Toc
50%
BOSS MAN V12
50%
The World Is Yours 2 Woah
50%
The World Is Yours World Is Yours
50%
The World Is Yours 2 World Is Yours 2 (Intro)
50%
BOSS MAN About My Business
38%
Trust Fund Babies Admit It
38%
BOSS MAN Ain't No Doubts
38%
Trust Fund Babies Big Boss
38%
Trust Fund Babies Bleedin'
38%
Trust Fund Babies Buzzin'
38%
BOSS MAN Depend on Me
38%
Keep Flexin | Nobody Safe Doors Up
38%
The World Is Yours Drippin
38%
The World Is Yours 2 Fall Threw
38%
BOSS MAN Far from You
38%
Trust Fund Babies Feelin' Like Tunechi
38%
The World Is Yours 2 For Keeps
38%
Trust Fund Babies Headlock
38%
Rich Forever 3 I Don't Answer
38%
Streets On Lock | The Rich Forever Way Intro
38%
Lucky 7 Laughin
38%
Dabbin Fever Listen
38%
The World Is Yours Listen Up
38%
Rich Forever 3 Loose It
38%
Lucky 7 Money Machine
38%
Rich Forever 3 Moon Walkin'
38%
Lucky 7 Nasty
38%
Rich Forever 3 Nintendo
38%
BOSS MAN No Loyalty
38%
Still On Lock No More
38%
BOSS MAN Not Sorry
38%
Trap Talk Outro
38%
Rich Forever 3 Pardon Me
38%
BOSS MAN Racks On
38%
The World Is Yours 2 Racks Today
38%
Rich Forever 3 Read About It
38%
Lucky 7 Right
38%
The World Is Yours 2 Ring Ring
38%
The World Is Yours 2 Save That
38%
BOSS MAN Sick
38%
The World Is Yours 2 Slide
38%
Single #6 Split
38%
Single #13 Still Movin'
38%
BOSS MAN That's Tuff
38%
Lucky 7 Too Blessed
38%
The World Is Yours Too Gone
38%
Feels Good 2 Be Rich Trap
38%
Trust Fund Babies Trust Fund
38%
Rich Forever 3 VVS
38%
The World Is Yours 2 Wrong Thing
38%
Trust Fund Babies Yeah Yeah
38%
BOSS MAN You
38%
Rich Forever 3 You Flexin'
38%
Trap Talk 911
25%
Rich Than Famous Ain't Workin Dat Move
25%
Feels Good 2 Be Rich Austin Powers
25%
Nobody Safe Automatic
25%
Still On Lock Bandz in the Bank
25%
Nobody Safe Bankroll
25%
Keep Flexin Blessings
25%
Keep Flexin BM
25%
Nobody Safe Body Bag
25%
Lucky 7 Boom Boom
25%
Nobody Safe Brown Hair
25%
Rich Than Famous Buy U Diamonds
25%
Feels Good 2 Be Rich Came from Nothin'
25%
Nobody Safe Can't Let the World In
25%
Flexxin on Purpose Championship
25%
Dabbin Fever Dab Fever
25%
Dabbin Fever Dab Flu
25%
Feels Good 2 Be Rich Dancin' On Me
25%
Keep Flexin Dat Way
25%
Rich Than Famous Don't Love You
25%
Keep Flexin Don't Want Her
25%
Flexxin on Purpose Expensive
25%
Streets On Lock 3 Famous
25%
Dabbin Fever Feel It
25%
Feels Good 2 Be Rich Feels Good 2 Be Rich
25%
Rich Forever 4 Flex Up
25%
BOSS MAN For That
25%
Rich Than Famous From the Streets
25%
Feels Good 2 Be Rich Get Rich
25%
Dabbin Fever Global
25%
Feels Good 2 Be Rich Goin Crazy
25%
Keep Flexin Going
25%
Rich Than Famous Goin Krazy (Remix)
25%
Trap Talk Got Rich
25%
Keep Flexin Greedy
25%
Been About the Benjamins Grew Up in the Streets
25%
Keep Flexin I Don't Care
25%
The Rich Forever Way In My Coupe
25%
BOSS MAN I Want Mo
25%
Trap Talk Just for You
25%
Trap Talk Just Might
25%
Still On Lock Keep It 100
25%
Keep Flexin Liar Liar
25%
The Rich Forever Way Like 3
25%
Flexxin on Purpose Master P (Intro)
25%
The Rich Forever Way Maybach
25%
Dabbin Fever Migo Gang x Slaughter Gang Music
25%
Been About the Benjamins Millyon
25%
Single #11 Motion
25%
Feels Good 2 Be Rich My Hoes Got Money
25%
Dabbin Fever Nervous
25%
Keep Flexin New Wave
25%
Nobody Safe Nobody Safe
25%
Flexxin on Purpose No Ceilings
25%
Nobody Safe No Flash
25%
Single #12 No More Friends
25%
Rich Forever 4 Off the Lot
25%
Been About the Benjamins On My Pradas
25%
Rich Than Famous On My Way
25%
BOSS MAN Over With
25%
Rich Forever 4 Party Bus
25%
Single #9 Prada
25%
Feels Good 2 Be Rich Problems
25%
Been About the Benjamins Pull Up
25%
Rich Than Famous Quit Playin
25%
Keep Flexin | Rich Forever 2 Ran It Up
25%
Trap Talk Real Deal
25%
Been About the Benjamins Real N***az
25%
Rich Forever 4 Rich Sh*t
25%
Dabbin Fever Rick Owens (Remix)
25%
Nobody Safe Rings On
25%
Trap Talk Running Threw It
25%
Nobody Safe Sex
25%
Still On Lock She Ain't Goin
25%
Flexxin on Purpose She Aint Goin
25%
Flexxin on Purpose She Flexin
25%
Flexxin on Purpose Sick wit It
25%
Trap Talk Smash
25%
The Rich Forever Way Soak It Up
25%
Rich Forever 4 So Nasty
25%
Nobody Safe Sorry Momma
25%
Nobody Safe So Sorry
25%
Rich Forever 4 Speed Racing
25%
Keep Flexin Str8 Up
25%
Streets On Lock 2 Talkin' Bout
25%
Flexxin on Purpose Tell Me What You Like
25%
Dabbin Fever | Flexxin on Purpose | Streets On Lock 4 That Bag
25%
Trap Talk That's Right
25%
Trap Talk The Nawf
25%
Feels Good 2 Be Rich Thousand Times
25%
Nobody Safe Took a Risk
25%
Feels Good 2 Be Rich Too Much
25%
Feels Good 2 Be Rich Touchdown (Remix)
25%
Trap Talk Trap House
25%
Rich Than Famous Trap Still Jumpin
25%
Feels Good 2 Be Rich Wet Wet
25%
Still On Lock What You Been Doin
25%
Flexxin on Purpose What You Been Doin'
25%
Flexxin on Purpose Where the Cash At
25%
Dabbin Fever Who Dab Is That
25%
Rich Than Famous Why Would U Not
25%
Feels Good 2 Be Rich | Streets On Lock 3 Why You Mad
25%
The Rich Forever Way Windmill
25%
Nobody Safe Woke Up
25%
Rich Than Famous Work for It
25%
Rich Than Famous Wrist Gone Crazy
25%
Nobody Safe You Bad
25%
Rich Forever 2 2 Times (Remix)
13%
Streets On Lock All I Do Is Juug
13%
Streets On Lock All Over Me
13%
Been About the Benjamins Been About the Benjamins Intro
13%
Been About the Benjamins Been About the Benjamins Outro
13%
Single #8 Boss B***h
13%
Single #2 Bring It Back
13%
Whip It Broke Wrist
13%
Streets On Lock Can't Have One
13%
Still On Lock Change
13%
Flexxin on Purpose Check Out the Dab
13%
Streets On Lock 3 Clientele
13%
Been About the Benjamins Couple Bandz
13%
Single #10 Crypto
13%
Dabbin Fever Dabbin Fever (Intro)
13%
Streets On Lock 2 Diamonds
13%
Streets On Lock 4 | Whip It Different Colors
13%
Whip It Don't Quit
13%
Been About the Benjamins Do That to Me
13%
Been About the Benjamins Drinkin' Medicine
13%
Been About the Benjamins Everything
13%
Streets On Lock Exotic
13%
Streets On Lock 4 Extra
13%
Feels Good 2 Be Rich Feels Good 2 Be Rich Intro
13%
Streets On Lock 3 Finally Rich
13%
Rich Forever 2 Goyard
13%
Rich Forever 2 I'm Cool
13%
Been About the Benjamins I'm Outchea
13%
Rich Forever 2 I Need That
13%
Streets On Lock Jumpin' Like Jordan
13%
Been About the Benjamins Know Bout Nun
13%
Rich Forever 2 Like This
13%
Still On Lock Lowest
13%
Whip It No Ma'am
13%
Whip It No Ma'am 2
13%
Rich Forever 2 No Pressure
13%
Still On Lock No Time
13%
Rich Forever 2 Out the Mud
13%
Been About the Benjamins Overdose
13%
Streets On Lock 2 Piped Up
13%
Rich Forever 2 Plug Callin'
13%
Been About the Benjamins Ready to Die
13%
Streets On Lock Remix
13%
Rich Than Famous Rich Than Famous (Intro)
13%
Trap Talk Routine Rouge
13%
Been About the Benjamins She Foreign
13%
Been About the Benjamins So Fly
13%
Single #5 So Heartless
13%
Feels Good 2 Be Rich Talkin' Bout Nun
13%
Streets On Lock 4 Tequila Me
13%
Rich Forever 2 That Way
13%
Streets On Lock 2 Trap-A-Holics
13%
Streets On Lock 4 Trap Dab 2 (Intro)
13%
Solid Foundation | Streets On Lock 2 Water Whip
13%
Been About the Benjamins What I Do
13%
Whip It Whip It (Remix)
13%
Been About the Benjamins Whole Hood
13%
Still On Lock All Dis Money
0%
Rich Forever Music Bricks
0%
Rich Forever 2 Bustdown
0%
Single Cookies & Sherbert
0%
Single #3 Go Up
0%
Rich Forever Music Hell Yeah
0%
The World Is Yours 2 Last Mike
0%
Streets On Lock 3 Pack Gone Missing
0%
Rich Forever Music Phone Tap Freestyle
0%
Single #7 Richard Mille Patek
0%
Rich Forever Music Rich Forever Outro
0%
Solid Foundation Rich N***a Sh*t
0%
Rich Forever Music Rich the GOAT
0%
Whip It Still Workin It
0%
Rich Forever Music Swerve
0%
Love Me Now? Talk to Me
0%
Single #4 You & Jennifer (The Other Side)
0%
No matching quizzes found
Score Distribution
Percent of People with Each Score
Percentile by Number Answered
Your Score History
You have not taken this quiz since the last reset